Sport - Top 4s - Statistics

General Stats
  • This quiz has been taken 446 times
  • The average score is 27 of 48
Answer Stats
Hint Answer % Correct
Golf Majors (country) USA
95%
USA
95%
Summer Olympic Medals (country) USA
95%
Australia
85%
Australia
85%
FIFA World Cup Final Appearances (country) Brazil
85%
Germany
85%
Germany
85%
France
83%
100m times (sprinter) Usain Bolt
79%
UK
78%
Italy
77%
UK
76%
Argentina
72%
England
72%
Los Angeles Lakers
70%
Rugby World Cups (country) New Zealand
70%
Tennis Grand Slams (men) Roger Federer
70%
Winter Olympic Medals (country) Norway
67%
New England Patriots
66%
World Series Appearances (baseball franchise) New York Yankees
65%
European Cup Wins (football team) Real Madrid
65%
NBA Championships (franchise) Boston Celtics
64%
Rafael Nadal
64%
South Africa
62%
South Africa
62%
Chicago Bulls
59%
Super Bowl Appearances (team) Pittsburgh Steelers
56%
Dallas Cowboys
55%
Soviet Union
50%
Liverpool
49%
San Francisco Giants
49%
AC Milan
46%
Bayern Munich
46%
Pete Samprass
46%
San Antonio Spurs
40%
Austria
36%
Denver Broncos
36%
Los Angeles Dodgers
36%
Tyson Gay
36%
St Louis Cardinals
30%
Asafa Powell
26%
Yohan Blake
21%
Test Match Runs (cricket player) Sachin Tendulkar
20%
Ricky Ponting
12%
Jacques Kallis
8%
Rahul Dravid
5%
Roy Emerson
3%
No matching quizzes found
Score Distribution
Percent of People with Each Score
Percentile by Number Answered
Your Score History
You have not taken this quiz